000 00632nam a2200265Ia 4500
005 20260306163756.0
008 008 260114s9999 xx 000 0 eng d
020 _a9780231525282
037 _aEBOOK
040 _aCRL
040 _beng
040 _cCRL
041 _2eng
041 _aeng
084 _qCRL
100 _aLohmann, Van Til
_91129333
245 0 _aResolving Community Conflicts And Problems
260 _bColumbia University Press
260 _c2015
650 _aSocial Work
856 _uhttps://academic.oup.com/book/29712
942 _cEBOOK
999 _c1711443
_d1711443